<?xml version="1.0" encoding="UTF-8"?>
<collection xmlns="http://www.loc.gov/MARC21/slim">
 <record>
  <leader>     na                 </leader>
  <controlfield tag="001">INLIS000000000860499</controlfield>
  <controlfield tag="005">20210602112806</controlfield>
  <datafield tag="035" ind1=" " ind2=" ">
   <subfield code="a">0010-0621000034</subfield>
  </datafield>
  <controlfield tag="007">ta</controlfield>
  <controlfield tag="008">210602s2020    yoia   g            ind d</controlfield>
  <datafield tag="020" ind1=" " ind2=" ">
   <subfield code="a">978-623-7550-59-4</subfield>
  </datafield>
  <datafield tag="082" ind1="0" ind2="4">
   <subfield code="2">23</subfield>
   <subfield code="a">616.019</subfield>
  </datafield>
  <datafield tag="084" ind1=" " ind2=" ">
   <subfield code="a">616.019 FAU d</subfield>
  </datafield>
  <datafield tag="100" ind1="0" ind2=" ">
   <subfield code="a">Fauzie Rahman</subfield>
   <subfield code="d">1986-</subfield>
   <subfield code="e">Pengarang</subfield>
  </datafield>
  <datafield tag="245" ind1="1" ind2="0">
   <subfield code="a">Desa tahan (tangguh hadapi corona) :</subfield>
   <subfield code="b">sebagai upaya memutus rantai penularan corona dan menghadai adaptasi kebiasaan baru /</subfield>
   <subfield code="c">Fauzie Rahman, Iwan Aflanie, Istiana, Vina Yulia Anhar, Nur Laily, Anggun Wulandari, Ayu Riana Sari, Agus Muhammad Ridwan, Lia Anggraini, Hadianor, Muhammad Azmiyannoor, Riana</subfield>
  </datafield>
  <datafield tag="300" ind1=" " ind2=" ">
   <subfield code="a">40 halaman :</subfield>
   <subfield code="b">foto berwarna ;</subfield>
   <subfield code="c">20 cm</subfield>
  </datafield>
  <datafield tag="650" ind1=" " ind2="4">
   <subfield code="a">Covid-19</subfield>
  </datafield>
  <datafield tag="700" ind1="0" ind2=" ">
   <subfield code="a">Iwan Aflanie</subfield>
   <subfield code="d">1973</subfield>
   <subfield code="e">Pengarang</subfield>
  </datafield>
  <datafield tag="700" ind1="0" ind2=" ">
   <subfield code="a">Istiana</subfield>
   <subfield code="d">1976</subfield>
   <subfield code="e">Pengarang</subfield>
  </datafield>
  <datafield tag="700" ind1="0" ind2=" ">
   <subfield code="a">Vina Yulia Anhar</subfield>
   <subfield code="d">1993</subfield>
   <subfield code="e">Pengarang</subfield>
  </datafield>
  <datafield tag="700" ind1="0" ind2=" ">
   <subfield code="a">Nur Laily</subfield>
   <subfield code="d">1993</subfield>
   <subfield code="e">Pengarang</subfield>
  </datafield>
  <datafield tag="700" ind1="0" ind2=" ">
   <subfield code="a">Anggun Wulandari</subfield>
   <subfield code="d">1994</subfield>
   <subfield code="e">Pengarang</subfield>
  </datafield>
  <datafield tag="700" ind1="0" ind2=" ">
   <subfield code="a">Ayu Riana Sari</subfield>
   <subfield code="d">1989</subfield>
   <subfield code="e">Pengarang</subfield>
  </datafield>
  <datafield tag="700" ind1="0" ind2=" ">
   <subfield code="a">Agus Muhammad Ridwan</subfield>
   <subfield code="d">1998</subfield>
   <subfield code="e">Pengarang</subfield>
  </datafield>
  <datafield tag="700" ind1="0" ind2=" ">
   <subfield code="a">Lia Anggraini</subfield>
   <subfield code="d">1996</subfield>
   <subfield code="e">Pengarang</subfield>
  </datafield>
  <datafield tag="700" ind1="0" ind2=" ">
   <subfield code="a">Hadianor</subfield>
   <subfield code="d">1995</subfield>
   <subfield code="e">Pengarang</subfield>
  </datafield>
  <datafield tag="264" ind1="3" ind2="1">
   <subfield code="a">Bantul :</subfield>
   <subfield code="b">Mine,</subfield>
   <subfield code="c">2020</subfield>
  </datafield>
  <datafield tag="336" ind1=" " ind2=" ">
   <subfield code="2">rdacontent</subfield>
   <subfield code="a">teks</subfield>
  </datafield>
  <datafield tag="337" ind1=" " ind2=" ">
   <subfield code="2">rdamedia</subfield>
   <subfield code="a">tanpa perantara</subfield>
  </datafield>
  <datafield tag="338" ind1=" " ind2=" ">
   <subfield code="2">rdacarrier</subfield>
   <subfield code="a">volume</subfield>
  </datafield>
  <datafield tag="040" ind1=" " ind2=" ">
   <subfield code="a">YOPDYOG</subfield>
   <subfield code="b">ind</subfield>
   <subfield code="e">rda</subfield>
  </datafield>
  <datafield tag="090" ind1=" " ind2=" ">
   <subfield code="a">CB-D.11 2020-2443</subfield>
  </datafield>
  <datafield tag="850" ind1=" " ind2=" ">
   <subfield code="a">YOPDYOG</subfield>
  </datafield>
  <datafield tag="999" ind1=" " ind2=" ">
   <subfield code="a">CB-D.11/2020-2443</subfield>
  </datafield>
  <datafield tag="990" ind1=" " ind2=" ">
   <subfield code="a">CB-D.11/2020-2443</subfield>
  </datafield>
 </record>
</collection>
